01202nam a22002417a 45000010005000000030006000050050017000110080041000280200018000690400029000870820011001161000017001272450068001442500034002122600033002463000050002794900042003295050008003715200500003795210029008795210020009087000032009288901FISKH20251030112500.0251030b cb ||||| |||| 00| 0 eng d a9788956354163 aFISKHbengcFISKHdFISKH a398.21 aLang, Andrew aBushy bride / cBy Andrew Lang : Series Editor : Jason Wilburn  aFirst published by XACT, 2009 aSeoul : be-future , c2009. a34 pages : bcolor illustrations ; c20 cm .  aMy First Classic Readers vLevel 4-15 aM  aThere once was a widower who had one son and one daughter by his first wife. Both of them were nice children, and they were dearly fond of each other. After a while the man got married again. He wed a widow who had one daughter by her first husband. The girl was both hideous and mean, and the mother was too. As soon as the new wife moved into the house, the husband’s children could find no peace, not in a single nook or cranny. The boy thought it would be best to go out into the world and8 a530 bLexile estimate 8 aM bRaz-Plus  aChoi, HyeJungeIllustrator